00818 a2200193 45000010006000000050017000060080041000230030015000640400040000790800022001192450131001410200022002722640034002943000019003285050155003470410008005021000019005108560095005294386720260407155719.0260407a2017 arg spa dAR-UNSa-BCEJYS aAR-UNSa-BCEJYSbspacAR-UNSa-BCEJYS a316.46xLiderazgo10aLidera tu propio cambiopun modelo para el cambio profundo y simultáneo de los individuos y la cultura de las organizaciones a978-950-641-906-6 1aBuenos Aires :bGranicac2017 a187 p.c22 cm. a1. El movimiento - 2. La responsabilidad - 3. El tiempo - 4. El contexto - 5. La comunicación - 6. El liderazgo - 7. El cambio - 8. Lidera tu cambio aspa1 aChurba, Andrea41uhttps://biblioeco.unsa.edu.ar/pmb/images/libros/L126769.jpgyImagen de portadaqimage/jpeg